Statistics for Top 3 NBA 2K18 Players by College: American Athletic Conference

Click here to take the quiz!

General Stats

  • This quiz has been taken 8 times
  • The average score is 5 of 15

Answer Stats

CollegePlayerRating% Correct
MemphisDerrick Rose78
86%
TempleLavoy Allen72
57%
Wichita StateRon Baker69
57%
MemphisTyreke Evans77
43%
ConnecticutAndre Drummond85
29%
Wichita StateFred Van Vleet69
29%
ConnecticutKemba Walker86
29%
CincinnatiLance Stephenson75
29%
ConnecticutRudy Gay81
29%
CincinnatiSean Kilpatrick74
29%
SMUSterling Brown68
29%
HoustonDamyean Dotson68
14%
HoustonJonathon Simmons75
14%
SMUSemi Ojeleye70
14%
MemphisWill Barton77
14%

Score Distribution

Percentile by Number Answered

Percent of People with Each Score

Your Score History

You have not taken this quiz